Mientras no tengamos rostro : retorno a un mito / C.S. Lewis ; prólogo por: Eduardo Terrasa (Registro nro. 44432)
[ vista simple ]
| 000 -LÍDER | |
|---|---|
| Campo fijo de descripción fija | 012670000a22002170004500 |
| 020 ## - NÚMERO INTERNACIONAL NORMALIZADO PARA LIBROS | |
| Número Internacional Normalizado del libro | 378-84-321-2823-3 |
| 041 0# - CÓDIGO DE IDIOMA | |
| Código de idioma para texto/pista de sonido o título separado | |
| 082 04 - NÚMERO DE CLASIFICACIÓN DECIMAL DEWEY | |
| Número de clasificación | G 823.912 L6731m |
| 001 - NÚMERO DE CONTROL | |
| Campo de control | 17938 |
| 100 1# - ASIENTO PRINCIPAL--NOMBRE PERSONAL | |
| Nombre personal | Lewis, C. S. 1898-1963 |
| 240 00 - TÍTULO UNIFORME | |
| Título uniforme | <a href="Till we have faces Español">Till we have faces Español</a> |
| 245 10 - TÍTULO | |
| Título del Material | Mientras no tengamos rostro : retorno a un mito / C.S. Lewis ; prólogo por: Eduardo Terrasa |
| 250 ## - MENCIÓN DE EDICIÓN | |
| Mención de edición | 6 |
| 260 ## - PUBLICACIÓN, DISTRIBUCIÓN, ETC. (PIE DE IMPRENTA) | |
| Lugar de publicación, distribución, etc. | Madrid : Rialp |
| 300 ## - DESCRIPCIÓN FÍSICA | |
| Extensión | 295 p. 20 cm |
| 501 ## - NOTA DE “CON” | |
| Nota de Contenido | En rústico |
| 600 14 - | |
| -- | Lewis, C. S. (Clive Staples) 1898-1963 |
| 650 14 - ASIENTO SECUNDARIO DE MATERIA - TERMINO TEMÁTICO | |
| Término temático o nombre geográfico como elemento de entrada | TEOLOGIA DOGMATICA - BIEN Y MAL \ FATALISMO \ Destino \ HUMANIDAD (TEOLOGIA) \ ALEGORIA \ LITERATURA RELIGIOSA \ LITERATURA - ANGLO-IRLANDES \ LITERATURA - MEDIEVAL Y RENACENTISTA |
| 942 ## - TIPO DE MATERIAL (KOHA) | |
| Tipo de Item KOHA | Libros General |
| Estado de Material | Estado de Perdido | Estado de Dañado | No para Préstamo | Colección | Tomo | Biblioteca de Origen | Biblioteca Permanente | Fecha de Adquisición | Total de Préstamos | Total de Renovaciones | Signatura Topográfica | Código de Barras | Última vez visto | Última vez Préstado | Ejemplar/Existencia | Fecha de Remplazo | Tipo de Material |
|---|---|---|---|---|---|---|---|---|---|---|---|---|---|---|---|---|---|
| Colección General | Biblioteca FUSBC | Biblioteca FUSBC | 26/03/2013 | 6 | 2 | G 823.912 L6731m | 17708 | 26/05/2023 | 12/05/2023 | 1 | 26/01/2016 | Libros General |
